| 000 | 00462nab a2200145Ia 4500 | ||
|---|---|---|---|
| 003 | ES-SlBCS | ||
| 005 | 20210601124308.0 | ||
| 008 | 140529s1979 xxu||||| |||| 00| 0 eng d | ||
| 041 | _aeng | ||
| 100 | 1 |
_aTuckerman Weinberg, Lois _9139316 |
|
| 245 | 0 | 3 |
_aAn Answer to the Liberal Objection to Special Admissions _c Lois Tuckerman Weinberg |
| 650 | 0 | 4 |
_aAdmisión _9139317 |
| 773 | 0 |
_tEducational Theory _gvol. 29, nº. 1, 1979, págs. 21-30 _wRev1399 |
|
| 942 | _cAR | ||
| 999 |
_c512472 _d512472 |
||